[Event "Euskadi-chT (Vasca) Div Honor"]
[Site "Bergara"]
[Date "2011.01.29"]
[Round "4.5"]
[White "Celada Fernandez de L, Felipe"]
[Black "Franco Alonso, Alejandro"]
[Result "1/2-1/2"]
[WhiteElo "2094"]
[BlackElo "2475"]
[PlyCount "108"]
[EventDate "2011.01.08"]
[EventType "team-tourn"]
[EventRounds "9"]
[EventCountry "ESP"]
[SourceTitle "EXT 2024"]
[Source "ChessBase"]
[SourceDate "2023.10.10"]
[SourceVersion "1"]
[SourceVersionDate "2023.10.10"]
[SourceQuality "1"]

1. e4 c5 2. Nf3 e6 3. d4 cxd4 4. Nxd4 Nf6 5. Nc3 d6 6. h3 Nc6 7. Be3 a6 8. Qd2 Nxd4 9. Bxd4 b5 10. Bd3 Bb7 11. f3 Be7 12. 0-0 0-0 13. Rfd1 Qc7 14. Rac1 h6 15. Qf2 Rac8 16. Ne2 Nd7 17. Qg3 Bf6 18. Bxf6 Nxf6 19. Qf2 Rfd8 20. c4 b4 21. b3 Nd7 22. Bb1 Nc5 23. Rd2 a5 24. Rcd1 a4 25. Bc2 axb3 26. axb3 e5 27. Ra1 Ra8 28. Rdd1 Ne6 29. Kh1 Qc5 30. Qxc5 dxc5 31. Kg1 Rdb8 32. Kf2 Kf8 33. Ke3 Ke7 34. h4 g5 35. hxg5 hxg5 36. Ng3 Nd4 37. Nf5+ Ke6 38. Nxd4+ exd4+ 39. Kd3 Ke5 40. g3 Rh8 41. Rxa8 Rxa8 42. f4+ Ke6 43. Rh1 gxf4 44. gxf4 Rg8 45. Rh5 Kd6 46. Rh6+ Ke7 47. Rh5 Rg3+ 48. Kd2 Rg2+ 49. Kd1 Kd6 50. Rh6+ Kd7 51. Rh5 Rg3 52. Kd2 Rg2+ 53. Kd1 Kd6 54. Rh6+ Kd7 1/2-1/2

[Event "Euskadi-chT (Vasca) Div Honor"]
[Site "Bergara"]
[Date "2011.01.22"]
[Round "3.3"]
[White "Celada Fernandez de L, Felipe"]
[Black "Sanz Perez, Eduardo"]
[Result "0-1"]
[WhiteElo "2094"]
[BlackElo "2141"]
[PlyCount "97"]
[EventDate "2011.01.08"]
[EventType "team-tourn"]
[EventRounds "9"]
[EventCountry "ESP"]
[SourceTitle "EXT 2024"]
[Source "ChessBase"]
[SourceDate "2023.10.10"]
[SourceVersion "1"]
[SourceVersionDate "2023.10.10"]
[SourceQuality "1"]

1. e4 e6 2. d4 d5 3. Nd2 c5 4. Ngf3 cxd4 5. Nxd4 Nf6 6. exd5 Qxd5 7. Bb5+ Bd7 8. Bxd7+ Nbxd7 9. N4f3 Rd8 10. Qe2 Bc5 11. Nb3 Bd6 12. 0-0 Qh5 13. Re1 0-0 14. h3 e5 15. Ng5 Qg6 16. Ne4 Bc7 17. Nxf6+ Nxf6 18. Nc5 Bb6 19. Nd3 e4 20. Ne5 Qf5 21. Nc4 Bc7 22. Be3 b5 23. Nd2 Qe5 24. Nf1 a6 25. c3 Rfe8 26. Rad1 Nd5 27. a4 Nxe3 28. Rxd8 Rxd8 29. Qxe3 f5 30. axb5 Qxb5 31. Qe2 Rd3 32. Rd1 Bf4 33. Qc2 a5 34. b3 Qd5 35. Rb1 Qc5 36. c4 Bg5 37. Re1 Qb4 38. Rb1 g6 39. Qa2 Rd4 40. Qc2 Rd3 41. Qa2 Rc3 42. Kh1 Qb6 43. Kg1 Bh4 44. Rb2 Rc1 45. Re2 Qd4 46. Rd2 Bxf2+ 47. Rxf2 e3 48. Re2 Qf4 49. g3 0-1

[Event "Euskadi-chTB"]
[Site "Euskadi"]
[Date "2001.01.27"]
[Round "7"]
[White "Albaina Alvarez, Alvaro Ignacio"]
[Black "Celada Fernandez de L, Felipe"]
[Result "1-0"]
[WhiteElo "2155"]
[BlackElo "2108"]
[PlyCount "36"]
[EventDate "2000.11.18"]
[EventType "team"]
[EventRounds "9"]
[EventCountry "ESP"]
[SourceTitle "EXT 2006"]
[Source "ChessBase"]
[SourceDate "2005.11.24"]
[SourceVersion "1"]
[SourceVersionDate "2005.11.24"]
[SourceQuality "1"]

1. e4 d6 2. d4 Nf6 3. Nc3 g6 4. f4 Bg7 5. e5 Nfd7 6. Nf3 0-0 7. h4 c5 8. h5 cxd4 9. hxg6 hxg6 10. Qxd4 Nc6 11. Qf2 e6 12. Ng5 dxe5 13. Nce4 Nd4 14. Rh8+ Bxh8 15. Qh4 Nxc2+ 16. Kf2 Qb6+ 17. Kg3 exf4+ 18. Kh2 Nf6 1-0